Hipótesis sobre la subversión religiosa en el rastafarismo /

El presente artículo, ubicado en el ámbito del estudio de las expresiones religiosas, analiza el fenómeno subversivo rastafari con el objeto de proponer a modo de hipótesis que dicha subversión no quiebra una estructura simbólica profunda y solo opera subversivamente sobre algunos elementos de la es...

Cur síos iomlán

Sábháilte in:
Sonraí bibleagrafaíochta
Príomhchruthaitheoir: Ulloa Brenes, Gilbert
Formáid: Téacs
Ábhair:
Clibeanna: Cuir clib leis
Níl clibeanna ann, Bí ar an gcéad duine le clib a chur leis an taifead seo!

MARC

LEADER 00000 a a2200000 04500
001 13727
003
040
100 |a Ulloa Brenes, Gilbert  
245 |a Hipótesis sobre la subversión religiosa en el rastafarismo /  |c Gilbert Ulloa Brenes 
520 |a El presente artículo, ubicado en el ámbito del estudio de las expresiones religiosas, analiza el fenómeno subversivo rastafari con el objeto de proponer a modo de hipótesis que dicha subversión no quiebra una estructura simbólica profunda y solo opera subversivamente sobre algunos elementos de la estructura manifiesta de la sociedad opresora del hombre blanco  
650 |a CULTURA  
650 |a RELIGION  
773 |g volumen 86, número 1; páginas 115-126  
999 |c 22286  |d 22286